Ways of Reading : An Anthology for Writers /
Antología y guía metodológica de lecturas avanzadas en ciencias sociales, diseñada para estudiantes universitarios que han de escribir ensayos –en lengua inglesa- a propósito de aquellas. Los textos seleccionados presentan una extensión y complejidad mayores a las comunes, pero su característica pri...
Сохранить в:
| Главный автор: | |
|---|---|
| Другие авторы: | , |
| Формат: | |
| Язык: | испанский английский |
| Опубликовано: |
Boston, EUA :
Bedford/Martin's,
2014, c2014
|
| Редактирование: | 10a edición |
| Предметы: | |
| Метки: |
Нет меток, Требуется 1-ая метка записи!
|
MARC
| LEADER | 00000nam^a2200000^a^4500 | ||
|---|---|---|---|
| 001 | 000358295 | ||
| 005 | 20250521000000.0 | ||
| 009 | 20260310115323.998 | ||
| 020 | |a 978-1-4576-2685-2 | ||
| 037 | |a Acervo ITESO - Biblioteca | ||
| 041 | |a ESP | ||
| 041 | |a ING | ||
| 082 | |a 808. 066 |b BAR | ||
| 100 | |a Bartholomae, David |e (antología) | ||
| 245 | 1 | 0 | |a Ways of Reading : |b An Anthology for Writers / |c Antología de D. Bartholomae, A. Petrosky, S. Waite. |
| 250 | |a 10a edición | ||
| 264 | 4 | |a Boston, EUA : |b Bedford/Martin's, |c 2014, c2014 | |
| 300 | |a XXVI, 517 p. | ||
| 336 | |a texto |b txt |2 rdacontenido | ||
| 337 | |a sin mediación |b n |2 rdamedio | ||
| 338 | |a volumen |b nc |2 rdasoporte | ||
| 520 | |a Antología y guía metodológica de lecturas avanzadas en ciencias sociales, diseñada para estudiantes universitarios que han de escribir ensayos –en lengua inglesa- a propósito de aquellas. Los textos seleccionados presentan una extensión y complejidad mayores a las comunes, pero su característica primordial es que motivan una lectura activa y crítica. Cada uno de ellos es seguido por dos conjuntos de actividades de escritura. El grupo de autores, entre quienes figuran académicos externos al ámbito anglosajón, está formado por Gloria Anzaldúa, Kwame Anthony Appiah, Alison Bechdel, Judith Butler, Anne Carson, Brian Doyle, Joshua Foer, Michel Foucault, Paulo Freire, Susan Griffin, Judith Halberstam, Walker Percy, Mary Louise Pratt, Richard Rodriguez, Kathryn Schulz, David Foster Wallace, John Edgar Wideman. | ||
| 649 | |a XX | ||
| 650 | |a Estudio - |x Método - |x Tema Principal | ||
| 650 | |a Proyectos e Informes (Presentación) - |x Metodología - |x Tema Principal | ||
| 650 | |a Investigación - |x Metodología | ||
| 650 | |a Redacción - |x Metodología | ||
| 650 | |a Literatura Científica, Profesional y Académica - |x Metodología | ||
| 650 | |a Comunicación Escrita - |x Técnica | ||
| 650 | |a Educación Superior | ||
| 650 | |a Ciencias Sociales - |x Investigación - |x Metodología | ||
| 700 | |a Petrosky, Anthony |e (antología) | ||
| 700 | |a Waite, Stacey |e (antología) | ||
| 910 | |a Fondo General | ||
| 920 | |a Impresos - Libros | ||
| 930 | |a Colección General | ||
| 940 | |a Literatura | ||
| 905 | |a 101 | ||
| 901 | |a 0500250482 |b IT1 |c LIT |i C147620 |u 20250521 | ||
| 902 | |a https://opac.biblio.iteso.mx/vufind/Record/000358295 | ||